[Event "GER-chT North U12"]
[Site "Magdeburg"]
[Date "2013.09.15"]
[Round "7.4"]
[White "Gabriel, Benjamin"]
[Black "Rohloff, Julie"]
[Result "1/2-1/2"]
[WhiteElo "968"]
[BlackElo "817"]
[PlyCount "90"]
[EventDate "2013.09.12"]
[EventType "team-swiss"]
[EventRounds "7"]
[EventCountry "GER"]
[SourceTitle "EXT 2014"]
[Source "ChessBase"]
[SourceDate "2013.11.20"]
[SourceVersion "1"]
[SourceVersionDate "2013.11.20"]
[SourceQuality "1"]
[WhiteTeam "Falkenberg"]
[BlackTeam "Rostock SSC 07"]
[WhiteTeamCountry "GER"]
[BlackTeamCountry "GER"]

1. e4 e5 2. Nf3 Nc6 3. Bc4 Nf6 4. Ng5 d5 5. exd5 Nxd5 6. d3 Be6 7. Nxe6 fxe6 8. 0-0 Bc5 9. Bd2 Qf6 10. Nc3 Nb6 11. Be3 0-0-0 12. Bxc5 Nxc4 13. Qc1 Nd6 14. Qe3 Nf5 15. Qf3 Ncd4 16. Bxd4 exd4 17. Ne2 Qg6 18. Ng3 Rhf8 19. Nxf5 Rxf5 20. Qg3 Rg5 21. Qf3 Rdd5 22. Rfe1 c6 23. Re2 Kd7 24. Re4 e5 25. c4 Ra5 26. a3 b5 27. cxb5 Rxb5 28. b4 c5 29. Rb1 cxb4 30. Rxb4 Rxb4 31. axb4 Rf5 32. Qg3 Kc6 33. Qxg6+ hxg6 34. Re2 Kb5 35. Ra2 Kxb4 36. Rxa7 Rf8 37. Rxg7 Rc8 38. Kf1 e4 39. Ke2 Rc2+ 40. Ke1 exd3 41. Kd1 Kb3 42. Rb7+ Kc3 43. Rc7+ Kb3 44. Rb7+ Kc4 45. Rc7+ Kb3 1/2-1/2

[Event "GER-chT North U12"]
[Site "Magdeburg"]
[Date "2013.09.14"]
[Round "5.4"]
[White "Rohloff, Julie"]
[Black "Rudi, Jonathan"]
[Result "0-1"]
[WhiteElo "817"]
[BlackElo "849"]
[PlyCount "124"]
[EventDate "2013.09.12"]
[EventType "team-swiss"]
[EventRounds "7"]
[EventCountry "GER"]
[SourceTitle "EXT 2014"]
[Source "ChessBase"]
[SourceDate "2013.11.20"]
[SourceVersion "1"]
[SourceVersionDate "2013.11.20"]
[SourceQuality "1"]
[WhiteTeam "Rostock SSC 07"]
[BlackTeam "Nordhorn Blanke"]
[WhiteTeamCountry "GER"]
[BlackTeamCountry "GER"]

1. e4 e5 2. Nf3 Nc6 3. Bc4 Bc5 4. c3 Nf6 5. d4 exd4 6. cxd4 Bb4+ 7. Bd2 Bxd2+ 8. Nbxd2 d5 9. Bd3 Bg4 10. exd5 Nxd5 11. Be2 0-0 12. 0-0 Nf4 13. Bb5 Nxd4 14. Bc4 Re8 15. h3 Nxf3+ 16. Nxf3 Bf5 17. Qb3 Bg6 18. Ng5 Qxg5 19. Qg3 Qf6 20. b3 c6 21. Rfe1 Rxe1+ 22. Rxe1 b5 23. Be2 Nxe2+ 24. Rxe2 Qa1+ 25. Kh2 Qf6 26. Qe3 Qd6+ 27. Kg1 f6 28. f4 Qf8 29. g4 Re8 30. Qf3 Rxe2 31. Qxe2 Qe8 32. Kf2 Qxe2+ 33. Kxe2 Bb1 34. a3 a5 35. Kd2 g6 36. Kc3 f5 37. gxf5 Bxf5 38. h4 Kg7 39. Kd4 a4 40. bxa4 bxa4 41. Kc5 Bc2 42. Kxc6 Kh6 43. Kd6 Kh5 44. Ke5 Kxh4 45. Kf6 h5 46. Ke5 Kg4 47. f5 gxf5 48. Kd4 h4 49. Kc3 Bb3 50. Kd2 h3 51. Ke2 Kg3 52. Kf1 h2 53. Ke1 h1Q+ 54. Ke2 Qf3+ 55. Kd2 Kf4 56. Kc1 Bg8 57. Kd2 Qe3+ 58. Kc2 Ke4 59. Kd1 Qf2 60. Kc1 Kd3 61. Kb1 Kc3 62. Ka1 Qb2# 0-1

[Event "GER-chT North U12"]
[Site "Magdeburg"]
[Date "2013.09.12"]
[Round "1.4"]
[White "Gazizov, Max"]
[Black "Rohloff, Julie"]
[Result "1-0"]
[WhiteElo "1105"]
[BlackElo "817"]
[PlyCount "103"]
[EventDate "2013.09.12"]
[EventType "team-swiss"]
[EventRounds "7"]
[EventCountry "GER"]
[SourceTitle "EXT 2014"]
[Source "ChessBase"]
[SourceDate "2013.11.20"]
[SourceVersion "1"]
[SourceVersionDate "2013.11.20"]
[SourceQuality "1"]
[WhiteTeam "Rostock Makkabi"]
[BlackTeam "Rostock SSC 07"]
[WhiteTeamCountry "GER"]
[BlackTeamCountry "GER"]

1. d4 d5 2. Nf3 Bf5 3. c4 Nf6 4. Nc3 e6 5. Bg5 Bb4 6. e3 0-0 7. Ne5 Be7 8. Qb3 b6 9. Rd1 c6 10. cxd5 cxd5 11. Bb5 Nfd7 12. Bxe7 Qxe7 13. Bc6 Nxc6 14. Nxc6 Qd6 15. Nb4 Be4 16. Nxe4 dxe4 17. Rc1 Rac8 18. 0-0 Nf6 19. h3 Nd5 20. Nxd5 Qxd5 21. Qa3 g6 22. Qa6 Qd7 23. Rc3 Rc7 24. Rfc1 Rfc8 25. Qxc8+ Qxc8 26. Rxc7 Qa6 27. a3 Qa5 28. Rb7 e5 29. dxe5 Qxe5 30. Rcc7 Kg7 31. Rxf7+ Kh6 32. Rxh7+ Kg5 33. b4 Qa1+ 34. Kh2 Qe5+ 35. g3 Qb2 36. Kg2 Qe2 37. Rbf7 Qf3+ 38. Rxf3 exf3+ 39. Kxf3 Kf6 40. Rxa7 Kf5 41. Ra6 b5 42. Rb6 Ke5 43. Rxb5+ Ke6 44. Rc5 Kd6 45. Rc1 Ke5 46. b5 Kf5 47. b6 g5 48. b7 g4+ 49. hxg4+ Ke5 50. b8Q+ Kd5 51. e4+ Kd4 52. Qd6# 1-0